01417nam a2200289 a 4500001001000000005001700010008004100027041000800068044000800076084002000084100004500104245008100149260003200230300002400262500024400286500012100530500006800651500009600719500001000815546002400825650005200849650005600901650003400957650004500991700004101036740005001077BRCA_318720190320204144.0160209s1687----enka---###---#000-0#eng-u aeng aenk a489b.H63c16871 aCervantes Saavedra, Miguel ded1547-161610aThe History of the Most Renowned Don Quixote of ManchacMiguel de Cervantes. aLondresbTho. Hodgkinc1687 a616 p.bil.c35 cm. aContenido : Primera parte. Dedicatoria del traductor. Algo en forma de díalogo en vez de epístola por el traductor. Algunos versos preliminares. Texto. Segunda parte. Algunas poesías dedicadas a D. Quijote, Dulcinea y Sancho P. Texto aEdición : Now Made English Accourding to the Humour of our MOdern Language, and Adorned With Several Cooper Plates aEjemplar enteramente igual al LO-489. Semipiel Lúdovik Osterc aEstado físico : Contiene firma en la guarda. Portada maltratada y con anotaciones en ella aQM401 aTexto en : inglés14aNovela españolayÉpoca clásica, 1500-170014aLiteratura españolayÉpoca clásica, 1500-170014aNovela españolaySiglo XVII14aDon Quijote (Personaje ficticio)eNovela1 aPhillips, Johnd1631-1706eTraductor0 aEl Ingenioso Hidalgo Don Quijote de la Mancha